000 00787nam a22002297a 4500
999 _c64096
_d64096
005 20240530110714.0
008 180213s2015 ua a g 000 0 ara d
017 _a2014/23400
_bمصر. دار الكتب
040 _aEG-CaGPL
_cEG-CaGPL
082 0 4 _221
_a371.422/
_bط إ
100 0 _aطارق كمال
245 1 0 _aارشاد الاطفال :
_bنفسيا - اجتماعيا - تربويا /
_cطارق كمال .
250 _aط. 1
260 _aالقاهرة :
_bمؤسسة شباب الجامعة ،
_c2015.
300 _a162 ص. ؛
_c24 سم.
650 0 7 _aالارشاد النفسى
650 0 7 _aالاختبارات النفسية
650 0 7 _aالتربية
650 0 7 _aالاسرة
942 _2ddc
_cBK